| 000 | 00745nac a22001691u 4500 | ||
|---|---|---|---|
| 020 | _a0132425955 | ||
| 082 |
_a620.11 _bM2777 |
||
| 090 |
_c132 _d132 |
||
| 100 | _a20080729 | ||
| 245 |
_aThe principles of materials selection for engineering design/ _cby Pat L. Mangonon |
||
| 260 |
_aNew Jersey _bPrentice Hall _c1999 |
||
| 650 | _aMaterials | ||
| 650 | _aEngineering design | ||
| 942 |
_cBB _k620.11M2777 |
||
| 999 |
_c132 _d132 |
||